Loris Malaguzzi and the Reggio Emilia experience

Saved in:
Bibliographic Details
Main Author: HALL, Katty
Format: Book
Language:English
Published: Bloomsbury Academy 2010
Tags: Add Tag
No Tags, Be the first to tag this record!

MARC

LEADER 00000nam a22000007a 4500
008 230727b |||||||| |||| 00| 0 eng d
020 |a 9781472518750 
100 |a HALL, Katty 
245 |a Loris Malaguzzi and the Reggio Emilia experience   |c Kathy Hall ... [et al.]  |g xii, 191p 
250 |c Horgan, Mary 
250 |c Cunneen, Maura 
250 |c Cunningham, Denice 
250 |c Ridgway, Anna 
250 |c Murphy, Rosaleen 
260 |b Bloomsbury Academy  |c 2010  |h 2010  |i 700111  |i 700112  |l LB880.M3152L89  |m Malaguzzi, Loris, 1920-1994  |m Educators-Italy-Biography  |m Reggio Emilia approach 9Early childhood education) 
500 |a it includes references and index 
942 |a lcc  |c BK  |e Johnson  |f 27/07/23 
952 |0 0  |1 0  |2 lcc  |4 0  |6 LB0880 M3152 L89  |7 0  |9 4308  |a HOL  |b HOL  |c LP  |d 2023-07-27  |l 0  |o LB880.M3152L89  |p 2023-0234  |r 2023-07-27 00:00:00  |t 700112  |w 2023-07-27  |y BK 
952 |0 0  |1 0  |2 lcc  |4 0  |6 LB0880 M3152 L89  |7 0  |9 4309  |a ED  |b HOL  |c LP  |d 2023-07-27  |l 0  |o LB880.M3152L89  |p 2023-0235  |r 2023-07-27 00:00:00  |t 700111  |w 2023-07-27  |y BK 
999 |c 2164  |d 2164